|
|
|
|
| LEADER |
00000nam a2200000 a 4500 |
| 001 |
vtls001450365 |
| 003 |
SK-MaSNL |
| 005 |
20260301073111.0 |
| 008 |
160628sm y0 xo 0 slo |
| 015 |
|
|
|a SNBC2003/03-01668
|
| 020 |
|
|
|a 8096857460
|
| 035 |
|
|
|a SNK000405658
|
| 040 |
|
|
|a SNK
|b slo
|c SNK
|e AACR2
|
| 043 |
|
|
|a e-xo---
|
| 044 |
|
|
|a xo
|c SK
|
| 072 |
|
7 |
|a 912
|2 konspekt
|
| 080 |
|
|
|a 908.437.622
|2 1981
|
| 080 |
|
|
|a (083.92)
|2 1981
|
| 080 |
|
|
|a 908.437.61:796.5(084.3)
|2 2. slo
|
| 080 |
|
|
|a 796.5
|2 2. slo
|
| 110 |
0 |
|
|a Veľké Zálužie (Slovensko)
|b Obecný úrad
|4 aut
|9 220231
|
| 245 |
1 |
|
|a Veľké Zálužie
|h kartografický dokument
|b orientačný plán obce
|
| 260 |
|
|
|a Vráble
|b SOLING
|a Veľké Zálužie
|c [2002]
|
| 300 |
|
|
|a 1 mapa
|b fareb.
|c 42x50 cm
|
| 500 |
|
|
|a Mapa obojstr. Adresár firiem
|
| 650 |
0 |
7 |
|a plány
|2 SNK
|9 939
|
| 650 |
0 |
7 |
|a turistika pešia
|z Veľké Zálužie (Slovensko)
|x mapy orientačné
|2 SNK
|9 393635
|
| 650 |
0 |
7 |
|a mapy
|2 konspekt
|9 871
|
| 651 |
|
7 |
|a 403
|2 SNK
|9 287051
|
| 651 |
|
7 |
|a Veľké Zálužie (Slovensko)
|2 SNK
|9 67387
|
| 655 |
|
7 |
|a CMP
|2 SNK
|9 290838
|
| 655 |
|
7 |
|a plány
|2 SNK
|9 70573
|
| 919 |
|
|
|a 80-968574-6-0
|
| 923 |
|
|
|a orientačná
|b skladaná
|c pre verejnosť
|
| 999 |
|
|
|c 643129
|d 645059
|
| 952 |
|
|
|t P60, <04>, [BOOK], {604}
|a SNK
|b SNK
|y VYP
|7 0
|p 17A0380295
|o snkOSC 22109 D1
|i snkKSP 4806/2003
|0 0
|1 0
|4 0
|d 2003-04-03
|l 0
|r 2005-01-02 00:00:00
|w 2026-02-23
|
| 952 |
|
|
|t P60, <03>, [BOOK], {603}
|a SNK
|b SNK
|y PREZ
|7 0
|p 17A0380294
|o snkOSC 22109
|i snkKSP 4805/2003
|0 0
|1 0
|4 0
|d 2003-04-03
|l 0
|r 2005-01-02 00:00:00
|w 2026-02-23
|